[Event "Dundee & Angus Open"]
[Site "?"]
[Date "2013.10.13"]
[Round "4"]
[White "Robinson, Stephen"]
[Black "Sykes, Chris"]
[Result "1-0"]
[WhiteElo "1802"]
[BlackElo "1934"]
[PlyCount "75"]

1. d4 f5 2. Nc3 e6 3. Bf4 d5 4. Nf3 Bd6 5. Ne5 c6 6. e3 Nf6 7. Be2 Ne4 8. Bh5+
g6 9. Nxe4 dxe4 10. h4 Rg8 11. Rh3 Bxe5 12. Bxe5 Qe7 13. Be2 Qb4+ 14. Kf1 Qxb2
15. h5 g5 16. h6 g4 17. Rh5 Qa3 18. Bg7 b6 19. d5 exd5 20. Qd4 Qd6 21. Rd1 Qc5
22. Qe5+ Qe7 23. Qf4 Be6 24. Rxf5 Bxf5 25. Qxf5 Qd7 26. Qe5+ Qe7 $11 27. Rxd5
cxd5 28. Qxd5 Rxg7 29. Bb5+ Nd7 30. hxg7 Qxg7 31. Qxa8+ Ke7 32. Qxe4+ Kd8 33.
Qa8+ Ke7 34. Qxa7 Kd8 35. Bxd7 Qa1+ 36. Ke2 Qb1 37. Ba4 b5 38. Qa5+ 1-0

[Event "Dundee & Angus Open"]
[Site "Microsoft"]
[Date "2013.10.13"]
[Round "4"]
[White "Oswald, David"]
[Black "Burns-Mannion, Stephen"]
[Result "0-1"]
[WhiteElo "2148"]
[BlackElo "2370"]
[PlyCount "90"]
[EventDate "2013.11.02"]

{1MB. Pentium
} 1. a3 d5 2. Nf3 Nf6 3. g3 c6 4. Bg2 Bg4 5. O-O Nbd7 6. d3 e6
7. h3 Bxf3 8. Bxf3 Bd6 9. Nd2 O-O 10. Bg2 Re8 11. Re1 a5 12. e4 Qb6 13. Qe2 h6
14. Kh2 e5 15. Nf1 dxe4 16. dxe4 Bc5 17. Be3 Rad8 18. b4 axb4 19. Rab1 Bxe3 20.
Nxe3 b3 21. Rxb3 Qa7 22. Qc4 Nc5 23. Rc3 Ncxe4 24. Bxe4 Rd4 25. Bh7+ Nxh7 26.
Qc5 Qxc5 27. Rxc5 Nf6 28. Kg2 Rd2 29. Nf1 Rd5 30. Rc3 e4 31. Ne3 Ra5 32. Rb3
Re7 33. Reb1 b5 34. Rd1 Rd7 35. Rxd7 Nxd7 36. Nf5 Ne5 37. Nd6 Ra4 38. Re3 Nc4
39. Nxc4 Rxc4 40. g4 g5 41. c3 Kg7 42. f3 exf3+ 43. Kxf3 Ra4 44. Rd3 Rxa3 45.
Ke4 c5 0-1

[Event "Dundee & Angus Open"]
[Site "?"]
[Date "2013.05.13"]
[Round "4"]
[White "Doyle, Jim"]
[Black "Dawson, Alastair"]
[Result "1-0"]
[WhiteElo "1906"]
[BlackElo "1784"]
[PlyCount "89"]

1. d4 d5 2. c4 c6 3. Nc3 e6 4. e3 f5 5. Nf3 Nf6 6. Qc2 Bd6 7. Bd3 Ne4 8. h4 Nd7
9. Bd2 Ndf6 10. c5 Bc7 11. b4 O-O 12. a4 Ng4 13. Nd1 Qf6 14. Bc3 Bd7 15. Rb1
Qh6 16. b5 Nexf2 17. Nxf2 Bg3 18. O-O Nxe3 19. Qe2 Nxf1 20. Rxf1 Bxh4 21. Nh3
g5 22. Nxh4 Qxh4 23. Qf2 Qxf2+ 24. Rxf2 h6 25. Rb2 Rab8 26. a5 cxb5 27. Bxb5
Bc6 28. Nf2 f4 29. Nd3 Rfc8 30. Ne5 Bxb5 31. Rxb5 h5 32. Nd7 Ra8 33. Rxb7 Rc6
34. Nf6+ Kf8 35. Nh7+ Ke8 36. Nxg5 e5 37. Nf3 e4 38. Ne5 Rf6 39. c6 Rxc6 40.
Nxc6 Rc8 41. Re7+ Kf8 42. Bb4 Kg8 43. Re6 Kf7 44. Rd6 h4 45. Kf2 {
Remaining moves unclear} 1-0

[Event "Dundee & Angus Open"]
[Site "?"]
[Date "2013.10.13"]
[Round "4"]
[White "Petesch, Gabriel"]
[Black "Swaon, Iain"]
[Result "1-0"]
[WhiteElo "2323"]
[BlackElo "2145"]
[PlyCount "78"]

1. g3 d5 2. Bg2 e5 3. c3 c6 4. Nf3 Bd6 5. d3 Nf6 6. Qc2 O-O 7. Nbd2 Nbd7 8. e4
a5 9. O-O Re8 10. b3 Nc5 11. Bb2 Bc7 12. Rad1 dxe4 13. Nxe4 Nfxe4 14. dxe4 Qf6
15. Nd2 b6 16. c4 Qh6 17. Rfe1 Bg4 18. f3 Bh3 19. Nf1 Bxg2 20. Kxg2 Rad8 21.
Bc1 Qe6 22. a3 Rxd1 23. Rxd1 Rd8 24. Rxd8+ Bxd8 25. b4 axb4 26. axb4 Nd7 27.
Ne3 g6 28. h4 h5 29. b5 Be7 30. Qa4 cxb5 31. cxb5 Bc5 32. Nd5 Nf6 33. Qa8+ Kg7
34. Nxf6 Qxf6 35. Bb2 Bd4 36. Bxd4 exd4 37. Qd5 Kf8 38. f4 Ke7 39. e5 Qf5 {
Recording ended - time} 1-0

[Event "Dundee & Angus Open"]
[Site "?"]
[Date "2013.10.13"]
[Round "4"]
[White "Tsang, Sai Kong"]
[Black "Olson, Hamish"]
[Result "*"]
[WhiteElo "1856"]
[BlackElo "2092"]
[PlyCount "137"]

1. g3 d5 2. d4 Nf6 3. Bg2 e6 4. Nf3 Be7 5. O-O O-O 6. c4 c6 7. Ne5 Nbd7 8. Nxd7
Nxd7 9. cxd5 exd5 10. Nc3 Nf6 11. Bf4 Re8 12. a3 Bg4 13. Qd2 Bd6 14. Rfe1 Bxf4
15. Qxf4 a5 16. f3 Be6 17. Na4 Qb8 18. Qd2 Qa7 19. Rac1 Nd7 20. Nc5 Nb6 21. a4
Rad8 22. Qc3 Nd7 23. Nb3 Ra8 24. e3 Qb6 25. Na1 Rac8 26. Nb3 Ra8 27. Na1 Rec8
28. Bf1 Nf6 29. Nb3 h6 30. Nc5 Bf5 31. Bd3 Bxd3 32. Nxd3 Re8 33. Qc5 Qd8 34.
Ne5 Nd7 35. Nxd7 Qxd7 36. Rc3 Qe7 37. Kf2 Qxc5 38. Rxc5 Kf8 39. Rc3 Ke7 40. e4
dxe4 41. Rxe4+ Kd6 42. Rf4 f6 43. Rg4 g5 44. Re4 Rxe4 45. fxe4 Re8 46. Ke3 b6
47. Rb3 Rb8 48. Kf3 h5 49. Rc3 c5 50. dxc5+ bxc5 51. b3 Rb4 52. Rd3+ Ke6 53.
Rc3 Kd6 54. Rd3+ Ke6 55. Rc3 c4 56. Rxc4 Rxb3+ 57. Kf2 Rb2+ 58. Kg1 Rb4 59.
Rc6+ Kf7 60. e5 fxe5 61. Rh6 Rxa4 62. Rxh5 Kg6 63. Rh8 Ra1+ 64. Kf2 a4 65. Rg8+
Kh6 66. Rh8+ Kg7 67. Re8 Kf6 68. Rf8+ Ke6 69. Rg8 *

[Event "Dundee & Angus Open"]
[Site "?"]
[Date "2013.10.13"]
[Round "4"]
[White "Deary, Daniel"]
[Black "Bamber, Elaine"]
[Result "0-1"]
[WhiteElo "1706"]
[BlackElo "2064"]
[PlyCount "80"]

1. e4 e5 2. Nf3 Nc6 3. Bb5 a6 4. Ba4 Nf6 5. O-O b5 6. Bb3 Be7 7. Re1 O-O 8. h3
d6 9. c3 Na5 10. Bc2 Bb7 11. d4 exd4 12. cxd4 c5 13. d5 Nd7 14. Bf4 Nc4 15.
Nbd2 Ncb6 16. Nf1 f5 17. exf5 Nxd5 18. Bg3 N7b6 19. Ne3 Nb4 20. Bb1 d5 21. a3
Nc6 22. Ba2 c4 23. Nd4 Nxd4 24. Qxd4 Bf6 25. Qd2 d4 26. Ng4 Qd5 27. f3 d3 28.
Nxf6+ Rxf6 29. Qf2 Qxf5 30. Re5 Qd7 31. Qe3 Nd5 32. Qe1 Rg6 33. Kh2 Rf8 34. Rd1
Bc6 35. Ra1 Rf5 36. Rxf5 Qxf5 37. Qd2 Qg5 38. Qf2 Ne3 39. Re1 d2 40. Qxd2 Nf1+
0-1

[Event "Dundee & Angus Open"]
[Site "?"]
[Date "2013.10.13"]
[Round "5"]
[White "Sykes, Chris"]
[Black "Smith, John SR"]
[Result "1-0"]
[WhiteElo "1934"]
[BlackElo "1864"]
[PlyCount "31"]

1. d4 Nf6 2. Nc3 e6 3. e4 c5 4. d5 exd5 5. e5 d4 6. exf6 dxc3 7. Qe2+ Be7 8.
Qxe7+ Qxe7+ 9. fxe7 Kxe7 10. bxc3 Re8 11. Be3 b6 12. Be2 Nc6 13. O-O-O Bb7 14.
Bf3 f6 15. Ne2 Ba6 16. Nf4 1-0

[Event "Dundee & Angus Open"]
[Site "?"]
[Date "2013.10.15"]
[Round "5"]
[White "Kelly, John S"]
[Black "Tsang, Sai Kong"]
[Result "1/2-1/2"]
[WhiteElo "1830"]
[BlackElo "1856"]
[PlyCount "66"]

1. e4 e6 2. d4 d5 3. Nc3 dxe4 4. Nxe4 Nd7 5. Ne2 Ngf6 6. N2g3 Be7 7. Bd3 b6 8.
O-O Bb7 9. Qf3 Rb8 10. Bf4 O-O 11. Rfe1 Nxe4 12. Bxe4 Bxe4 13. Nxe4 Nf6 14.
Nxf6+ Bxf6 15. c3 Rc8 16. Qc6 Bg5 17. Be5 Bf6 18. Bf4 Bg5 19. Be5 Bf6 20. Rad1
Qd5 21. Qxd5 exd5 22. Bxf6 gxf6 23. Rd3 Rfe8 24. Rde3 Kf8 25. g4 Rxe3 26. Rxe3
Re8 27. Kg2 Re6 28. b4 Kg7 29. b5 Kg6 30. Rxe6 fxe6 31. f4 h5 32. h3 h4 33. Kf3
f5 1/2-1/2

[Event "Dundee & Angus Open"]
[Site "?"]
[Date "2013.10.13"]
[Round "5"]
[White "Burns-Mannion, Stephen"]
[Black "Neave, George"]
[Result "1/2-1/2"]
[WhiteElo "2370"]
[BlackElo "2024"]
[PlyCount "55"]

1. e4 e5 2. Nf3 Nc6 3. Bc4 Bc5 4. c3 Nf6 5. d4 exd4 6. e5 d5 7. Bb5 Ne4 8. cxd4
Bb6 9. Nc3 O-O 10. Be3 f5 11. Qb3 Ne7 12. O-O c6 13. Be2 Kh8 14. Na4 f4 15.
Nxb6 axb6 16. Bc1 g5 17. Ne1 g4 18. f3 gxf3 19. Bxf3 Ng6 20. Nd3 Qh4 21. Bxe4
dxe4 22. Nxf4 Nxf4 23. Bxf4 Rxf4 24. Rxf4 Qxf4 25. Rf1 Qh6 26. Rf6 Qc1+ 27. Rf1
Qh6 28. Rf6 1/2-1/2

[Event "Dundee & Angus Open"]
[Site "?"]
[Date "2013.10.13"]
[Round "5"]
[White "Olson, Hamish"]
[Black "Marks, Ian"]
[Result "1/2-1/2"]
[WhiteElo "2092"]
[BlackElo "2040"]
[PlyCount "58"]

1. d4 Nf6 2. Nf3 e6 3. c4 b6 4. e3 Bb7 5. Bd3 Bb4+ 6. Nbd2 O-O 7. O-O d5 8. b3
Nbd7 9. Bb2 Rc8 10. Rc1 Ne4 11. Qc2 f5 12. a3 Bd6 13. Ne5 Rf6 14. f4 Rh6 15.
Bxe4 fxe4 16. Nxd7 Qxd7 17. c5 Ba6 18. cxd6 cxd6 19. Qd1 Bxf1 20. Rxc8+ Qxc8
21. Nxf1 Rf6 22. a4 Rf7 23. Ba3 Rc7 24. Bxd6 Rc1 25. Qg4 h5 26. Qxh5 Qa6 27.
Qe8+ Kh7 28. Qh5+ Kg8 29. Qe8+ Kh7 1/2-1/2

[Event "Dundee & Angus Open"]
[Site "?"]
[Date "2013.10.13"]
[Round "5"]
[White "Swan, Iain"]
[Black "Mooney, Graham"]
[Result "1-0"]
[WhiteElo "2145"]
[BlackElo "1816"]
[PlyCount "49"]

1. e4 c5 2. Nf3 d6 3. d4 cxd4 4. Nxd4 Nf6 5. Nc3 g6 6. f4 Bg7 7. e5 dxe5 8.
fxe5 Ng4 9. Bb5+ Nc6 10. Nxc6 bxc6 11. Bxc6+ Bd7 12. Bxa8 Qxa8 13. O-O Nxe5 14.
Bf4 Bc6 15. Qe2 Nd7 16. Rae1 O-O 17. Qxe7 Nb6 18. Qe2 Bd4+ 19. Kh1 Nc4 20. Qg4
Nxb2 21. Be5 Bxe5 22. Rxe5 h5 23. Qe2 Nc4 24. Qxc4 Bxg2+ 25. Kg1 1-0

[Event "Dundee & Angus Open"]
[Site "Microsoft"]
[Date "2013.10.13"]
[Round "5"]
[White "Findlay, David"]
[Black "Petesch, Gabriel"]
[Result "0-1"]
[WhiteElo "2182"]
[BlackElo "2323"]
[PlyCount "50"]
[EventDate "2013.11.05"]

{1MB. Pentium
} 1. e4 c5 2. Nf3 e6 3. d4 cxd4 4. Nxd4 a6 5. Nc3 d6 6. Bd3 Qb6
7. Nb3 Qc7 8. f4 b5 9. Qe2 Nd7 10. O-O Ngf6 11. Bd2 Bb7 12. Kh1 Be7 13. Rae1 e5
14. a4 b4 15. Na2 a5 16. c3 O-O 17. cxb4 axb4 18. a5 Nc5 19. Nxc5 dxc5 20. fxe5
Qxe5 21. Rf5 Qxb2 22. a6 Bc8 23. e5 Bxf5 24. Bxf5 Qxa2 25. exf6 Bxf6 0-1

[Event "Dundee & Angus Open"]
[Site "Microsoft"]
[Date "2013.10.13"]
[Round "5"]
[White "Abdulla, Murad"]
[Black "Hogg, Stephen"]
[Result "1-0"]
[WhiteElo "1834"]
[BlackElo "1937"]
[PlyCount "107"]
[EventDate "2013.11.05"]

{1MB. Pentium
} 1. e4 d5 2. exd5 Qxd5 3. Nf3 Nf6 4. d4 Bg4 5. Be2 e6 6. O-O
Nc6 7. c4 Qf5 8. Nc3 O-O-O 9. Be3 Bd6 10. Nb5 e5 11. d5 e4 12. Nxd6+ Rxd6 13.
Nd4 Nxd4 14. Bxd4 h5 15. f3 exf3 16. Bxf3 Bxf3 17. Qxf3 Qxf3 18. Rxf3 c6 19.
Be5 Rd7 20. dxc6 bxc6 21. Bxf6 gxf6 22. Rxf6 Kc7 23. Raf1 Rh7 24. h3 h4 25. Kh2
Kb6 26. b3 Rg7 27. R1f2 Kc5 28. R6f4 Rh7 29. Rg4 a5 30. Rff4 Rd2 31. Rxh4 Rxh4
32. Rxh4 Rxa2 33. Rf4 Rb2 34. Rf3 a4 35. bxa4 Kxc4 36. h4 c5 37. h5 Rb8 38.
Rxf7 Rh8 39. g4 Kb4 40. Rc7 c4 41. Kg3 c3 42. Kh4 Kb3 43. g5 Ra8 44. h6 Rxa4+
45. Kh5 c2 46. h7 Ra7 47. Rxc2 Rxh7+ 48. Kg6 Ra7 49. Rf2 Kc4 50. Kh6 Kd5 51. g6
Ke6 52. g7 Ra6 53. Kh7 Ra7 54. Kh8 1-0

[Event "Dundee & Angus Open"]
[Site "?"]
[Date "2013.10.13"]
[Round "5"]
[White "Romilly, Peter"]
[Black "Robinson, Stephen"]
[Result "1-0"]
[WhiteElo "2126"]
[BlackElo "1802"]
[PlyCount "71"]

1. e4 e6 2. d4 d5 3. Nc3 Bb4 4. e5 Ne7 5. a3 Bxc3+ 6. bxc3 c5 7. Qg4 Qc7 8.
Qxg7 Rg8 9. Qxh7 cxd4 10. Kd1 dxc3 11. Nf3 Nbc6 12. Ng5 Rxg5 13. Bxg5 Qxe5 14.
Bxe7 Qd4+ 15. Qd3 Kxe7 16. Qxd4 Nxd4 17. f4 f6 18. g4 e5 19. f5 Bd7 20. a4 Rc8
21. h3 Kd6 22. Ra3 Rc5 23. h4 Nc6 24. h5 Nd8 25. h6 Nf7 26. h7 Rc8 27. Bg2 b6
28. Ke2 d4 29. Kf2 Kc5 30. Raa1 Re8 31. Rh3 e4 32. Bxe4 Rxe4 33. h8=Q Nxh8 34.
Rxh8 Rxg4 35. Kf3 Rg5 36. Rf8 1-0

[Event "Dundee & Angus Open"]
[Site "?"]
[Date "2013.10.13"]
[Round "5"]
[White "Dawson, Alastair"]
[Black "Durno, Joy"]
[Result "1/2-1/2"]
[WhiteElo "1784"]
[BlackElo "1734"]
[PlyCount "70"]

1. d4 Nf6 2. e3 c5 3. Bd3 e6 4. Nd2 b6 5. Ngf3 d5 6. b3 cxd4 7. exd4 Bd6 8. Ne5
Nfd7 9. Bb2 Bb7 10. O-O Nc6 11. f4 g6 12. Qe2 Qe7 13. g3 O-O 14. a3 f6 15. Nxc6
Bxc6 16. Nf3 Rae8 17. Rfe1 Rf7 18. b4 Nf8 19. c4 dxc4 20. Bxc4 Qb7 21. Nd2 b5
22. Bb3 Bd5 23. Rac1 f5 24. Bxd5 Qxd5 25. Nf3 Rc7 26. Rxc7 Bxc7 27. Qd3 Nd7 28.
Re3 h6 29. Qb3 Qxb3 30. Rxb3 Nb6 31. Ne1 Rc8 32. Nd3 Bd6 33. Nc5 Kf7 34. Kf2
Nd5 35. Ke2 Rc7 1/2-1/2

[Event "Dundee & Angus Open"]
[Site "?"]
[Date "2013.10.13"]
[Round "5"]
[White "Sreeves, Clement"]
[Black "Tate, Alan"]
[Result "1-0"]
[WhiteElo "2248"]
[BlackElo "2276"]
[PlyCount "73"]

1. c4 g6 2. g3 Bg7 3. Bg2 Nf6 4. Nc3 O-O 5. e4 d6 6. Nge2 c5 7. O-O Nc6 8. d3
Ne8 9. Be3 Nc7 10. d4 cxd4 11. Nxd4 Bd7 12. Nde2 Ne6 13. b3 a6 14. a4 Rb8 15.
Rb1 Re8 16. Qd2 Nb4 17. Rfc1 Nc5 18. Nd5 Nbd3 19. Rc2 Ne5 20. a5 Bh3 21. Bh1
Bg4 22. Nd4 Ne6 23. f4 Nxd4 24. Bxd4 Nf3+ 25. Bxf3 Bxd4+ 26. Qxd4 Bxf3 27. Rf2
Bg4 28. f5 f6 29. fxg6 hxg6 30. Rxf6 exf6 31. Nxf6+ Kf7 32. Nxg4 Ke6 33. e5 Rf8
34. Re1 Qxa5 35. Qxd6+ Kf5 36. Rf1+ Kg5 37. Qe7+ 1-0

[Event "Dundee & Angus Open"]
[Site "?"]
[Date "2013.10.13"]
[Round "5"]
[White "Pyrich, George"]
[Black "MacQueen, Calum"]
[Result "1-0"]
[WhiteElo "1878"]
[BlackElo "2242"]
[PlyCount "116"]

1. d4 Nf6 2. c4 g6 3. Nc3 Bg7 4. e4 O-O 5. Nf3 d6 6. Be2 e5 7. Be3 Ng4 8. Bg5
f6 9. Bh4 Nc6 10. d5 Ne7 11. Nd2 Nh6 12. f3 Nf7 13. O-O f5 14. Bf2 Kh8 15. c5
Ng8 16. Nc4 Nf6 17. cxd6 cxd6 18. Qb3 Bh6 19. Rad1 Nh5 20. Rfe1 Nf4 21. Bf1 Ng5
22. Kh1 fxe4 23. Nxe4 Nxe4 24. Rxe4 g5 25. Qa3 Rf6 26. Nb6 Bf5 27. Nxa8 Bxe4
28. Qxa7 Bxd5 29. Nb6 Bc6 30. b4 Qc7 31. Rc1 Qg7 32. b5 Be8 33. Qb8 Rf8 34.
Qxd6 g4 35. Rc7 Bf7 36. fxg4 Qg6 37. Qxg6 Bxg6 38. Nd7 Rd8 39. Rxb7 Nd3 40. Bg3
e4 41. Rb8 Rxb8 42. Nxb8 e3 43. Nd7 Nc1 44. Ne5 e2 45. Nxg6+ hxg6 46. Bxe2 Nxe2
47. Be5+ Bg7 48. Bxg7+ Kxg7 49. h4 Kf6 50. Kh2 Ke5 51. Kh3 Kf4 52. h5 Kg5 53.
hxg6 Kxg6 54. Kh4 Nf4 55. Kg3 Nd5 56. a4 Kf6 57. Kh4 Kg6 58. g5 Kg7 1-0

[Event "Dundee & Angus Open"]
[Site "?"]
[Date "2013.10.13"]
[Round "5"]
[White "Bamber, Elaine"]
[Black "Ridge, Mike"]
[Result "1-0"]
[WhiteElo "1900"]
[BlackElo "2064"]
[PlyCount "100"]

1. e4 c5 2. Nc3 g6 3. f4 Bg7 4. Nf3 Nc6 5. Bb5 Nd4 6. O-O Nxb5 7. Nxb5 d5 8. e5
a6 9. Nc3 d4 10. Ne4 Qd5 11. d3 Nh6 12. Qe1 O-O 13. a4 Bf5 14. a5 c4 15. Nfd2
cxd3 16. cxd3 Rac8 17. b3 Qb5 18. Ba3 Rfe8 19. Rf3 Ng4 20. Nc4 f6 21. exf6 Nxf6
22. h3 Nd5 23. Ng3 Ne3 24. Nxf5 Qxf5 25. Qd2 Qb5 26. Rb1 Nxc4 27. dxc4 Rxc4 28.
Qd3 Rc3 29. Qxb5 axb5 30. Rxc3 dxc3 31. Rc1 Bd4+ 32. Kf1 e5 33. fxe5 Rxe5 34.
Rd1 Re4 35. Re1 Rxe1+ 36. Kxe1 Kf7 37. Ke2 Ke6 38. Kd3 Kd5 39. Bb4 h5 40. Bxc3
Bxc3 41. Kxc3 Kc5 42. h4 b4+ 43. Kd3 Kd5 44. Ke3 Kc6 45. Kd4 Kb5 46. Ke5 Kc5
47. Ke4 Kb5 48. Kd5 Ka6 49. Ke6 b6 50. axb6 Kxb6 1-0

[Event "Dundee & Angus Open"]
[Site "?"]
[Date "2013.10.13"]
[Round "5"]
[White "Bremner, Adam"]
[Black "Doyle, Jim"]
[Result "0-1"]
[WhiteElo "2163"]
[BlackElo "1906"]
[PlyCount "64"]

1. e4 c6 2. d4 d5 3. Nc3 dxe4 4. Nxe4 Nf6 5. Nxf6+ gxf6 6. Nf3 Bf5 7. g3 e6 8.
Bg2 Nd7 9. Nh4 Bg6 10. c3 Bg7 11. Be3 Nb6 12. Nxg6 hxg6 13. Qb3 Bh6 14. O-O-O
Bxe3+ 15. fxe3 Qc7 16. e4 O-O-O 17. Kb1 Kb8 18. c4 c5 19. d5 Qe5 20. Qc2 Rd6
21. b3 Rhd8 22. Qf2 Nxc4 23. Rd3 Na3+ 24. Kc1 c4 25. bxc4 Rb6 26. Qf4 Rb1+ 27.
Kd2 Nxc4+ 28. Ke2 Rb2+ 29. Kf3 g5 30. Qc1 g4+ 31. Kxg4 f5+ 32. exf5 Qxf5+ 0-1

[Event "Dundee & Angus Challengers"]
[Site "?"]
[Date "2013.10.11"]
[Round "1"]
[White "Parks, Joe"]
[Black "Aitchison, A Keith"]
[Result "1-0"]
[WhiteElo "1822"]
[BlackElo "1658"]
[PlyCount "61"]
[EventDate "2013.??.??"]

1. d4 Nf6 2. c4 g6 3. Nc3 d5 4. cxd5 Nxd5 5. e4 Nxc3 6. bxc3 Bg7 7. Be3 O-O 8.
Nf3 c5 9. Qd2 cxd4 10. cxd4 Nc6 11. Rc1 Bg4 12. d5 Bxf3 13. gxf3 Ne5 14. Be2 b6
15. f4 Nd7 16. O-O Nf6 17. Bf3 Qd7 18. e5 Ng4 19. e6 fxe6 20. Bxg4 Qxd5 21.
Qxd5 exd5 22. Be6+ Kh8 23. Bxd5 Rad8 24. Bg2 Bh6 25. Rc4 b5 26. Rb4 Rf5 27. Be4
a5 28. Rd4 Rxd4 29. Bxd4+ Rf6 30. Bxf6+ exf6 31. f5 1-0

[Event "Dundee & Angus Challengers"]
[Site "?"]
[Date "2013.10.11"]
[Round "1"]
[White "Sharp, Alan"]
[Black "Thomas, Phil"]
[Result "0-1"]
[WhiteElo "1644"]
[BlackElo "1822"]
[PlyCount "84"]
[EventDate "2013.??.??"]

1. Nf3 f5 2. b3 Nf6 3. Bb2 e6 4. e3 Be7 5. Be2 O-O 6. O-O d6 7. d4 Qe8 8. c4
Ne4 9. Nfd2 Nxd2 10. Qxd2 Bf6 11. Bf3 Nc6 12. Nc3 e5 13. Nd5 Bd8 14. Nc3 e4 15.
Be2 Bd7 16. f4 Bf6 17. Nd5 Bd8 18. Nc3 Rc8 19. Kh1 Bf6 20. Nd5 Ne7 21. Nxf6+
Rxf6 22. d5 Rh6 23. Qd4 Qf8 24. Rg1 Qf6 25. Qxf6 gxf6 26. g4 fxg4 27. Bxg4 Bxg4
28. Rxg4+ Kf7 29. Kg2 Rg8 30. Rxg8 Nxg8 31. Bc3 Ne7 32. Re1 Nf5 33. Re2 Nh4+
34. Kh1 Rg6 35. Be1 Nf3 36. Bg3 h5 37. Rg2 h4 38. Bf2 h3 39. Rg3 Rxg3 40. Bxg3
f5 41. Bf2 a6 42. Bg3 Ke7 0-1

[Event "Dundee & Angus Challengers"]
[Site "?"]
[Date "2013.10.11"]
[Round "1"]
[White "Kleboe, Jim"]
[Black "Thomas, Daniel"]
[Result "0-1"]
[WhiteElo "1760"]
[BlackElo "1634"]
[PlyCount "74"]
[EventDate "2013.??.??"]

1. e4 Nf6 2. e5 Nd5 3. d4 d6 4. c4 Nb6 5. f4 dxe5 6. fxe5 Nc6 7. Be3 Bf5 8. Nc3
e6 9. Nf3 Be7 10. Be2 h6 11. O-O Bg5 12. Nxg5 hxg5 13. Qd2 f6 14. exf6 gxf6 15.
g4 Bg6 16. Rf2 Qe7 17. Rd1 O-O-O 18. Qc1 Nb4 19. d5 exd5 20. Bxb6 axb6 21. a3
d4 22. axb4 dxc3 23. Rxd8+ Rxd8 24. Qxc3 Rd6 25. Kf1 Re6 26. c5 bxc5 27. bxc5
c6 28. b4 Be4 29. Bc4 Re5 30. Ra2 Qd7 31. Ra8+ Kc7 32. Qa3 Qd1+ 33. Kf2 Qd2+
34. Be2 Qd4+ 35. Ke1 Qg1+ 36. Bf1 Bg6+ 37. Kd2 Qf2+ 0-1

[Event "Dundee & Angus Challengers"]
[Site "?"]
[Date "2013.10.11"]
[Round "1"]
[White "Smith, Stephen"]
[Black "Robertson, Stephen"]
[Result "1-0"]
[WhiteElo "1750"]
[BlackElo "1750"]
[PlyCount "65"]
[EventDate "2013.??.??"]

1. e4 c6 2. d4 d5 3. Nd2 dxe4 4. Nxe4 Bf5 5. Ng3 Bg6 6. Nf3 Nd7 7. h4 h6 8. h5
Bh7 9. Bd3 Bxd3 10. Qxd3 e6 11. Bd2 Ngf6 12. O-O-O Be7 13. Qe2 O-O 14. Ne5 Nxe5
15. dxe5 Nd7 16. f4 Qc7 17. Rde1 Rfe8 18. Ne4 f5 19. Nf2 Bc5 20. Nd3 Bb6 21. g4
fxg4 22. Qxg4 Nf8 23. Ref1 Rad8 24. f5 Rd4 25. Qg3 Kh8 26. f6 gxf6 27. Rxf6 Nh7
28. Rxh6 Rd7 29. Rf1 Rg7 30. Rg6 Reg8 31. Bh6 Rxg6 32. hxg6 Nf8 33. Bxf8 1-0

[Event "Dundee & Angus Challengers"]
[Site "?"]
[Date "2013.10.11"]
[Round "1"]
[White "Milton, Carl"]
[Black "Babin, Andre"]
[Result "0-1"]
[WhiteElo "1598"]
[BlackElo "1720"]
[PlyCount "92"]
[EventDate "2013.??.??"]

1. d4 e6 2. c4 Nf6 3. Nf3 b6 4. Bg5 Bb7 5. e3 c5 6. Nc3 Be7 7. Bd3 O-O 8. O-O
cxd4 9. exd4 d5 10. cxd5 Nxd5 11. Nxd5 Bxd5 12. Bxe7 Qxe7 13. Re1 Nc6 14. Be4
Rfd8 15. Qb1 h6 16. Bxd5 Rxd5 17. Qe4 Rad8 18. Rac1 Nxd4 19. g3 Qf6 20. Re3
Nxf3+ 21. Rxf3 Qxb2 22. Rc2 R5d7 23. Qb7 Qc1+ 24. Rxc1 Rxb7 25. Rc2 Kf8 26. Kg2
Ke7 27. Rfc3 Rd5 28. Rc7+ Rxc7 29. Rxc7+ Rd7 30. Rc8 e5 31. Kf3 Kd6 32. Ke4 Ke6
33. Re8+ Re7 34. Rc8 f5+ 35. Ke3 Rd7 36. Rg8 b5 37. Rb8 a6 38. Rb6+ Rd6 39. Rb7
g5 40. Rh7 Kd5 41. Rf7 f4+ 42. Kd3 a5 43. Ra7 e4+ 44. Kc3 Rc6+ 45. Kd2 a4 46.
Rd7+ Rd6 0-1

[Event "Dundee & Angus Challengers"]
[Site "?"]
[Date "2013.10.11"]
[Round "1"]
[White "Mitchell, Jeremy"]
[Black "Underwood, Jamie"]
[Result "1-0"]
[WhiteElo "1717"]
[BlackElo "1512"]
[PlyCount "95"]
[EventDate "2013.??.??"]

1. e4 e5 2. Nf3 Nc6 3. Bb5 a6 4. Ba4 Nf6 5. O-O b5 6. Bb3 Be7 7. d3 O-O 8. a4
Bb7 9. c3 d6 10. Nbd2 Na5 11. Bc2 c5 12. Re1 Re8 13. d4 Bf8 14. Nf1 h6 15. dxc5
dxc5 16. Qxd8 Rexd8 17. Nxe5 Re8 18. f4 Bd6 19. Ng3 Bxe5 20. fxe5 Rxe5 21. Bf4
Re6 22. b3 Nc6 23. axb5 axb5 24. Rxa8+ Bxa8 25. Bd3 b4 26. cxb4 cxb4 27. Bc4
Re8 28. e5 Nd7 29. e6 fxe6 30. Rxe6 Rxe6 31. Bxe6+ Kh7 32. Bxd7 Nd4 33. Bd6
Nxb3 34. Bxb4 g6 35. Bc3 Nc5 36. Bg4 Nd3 37. Bf3 Bxf3 38. gxf3 g5 39. Bd2 Kg6
40. Ne4 Kf5 41. h3 Nf4 42. Bxf4 Kxf4 43. Kg2 h5 44. Nf6 h4 45. Kf2 Kf5 46. Nd5
Ke5 47. Nb4 Kd4 48. Ke2 1-0

[Event "Dundee & Angus Challengers"]
[Site "?"]
[Date "2013.10.11"]
[Round "1"]
[White "Shafi, Declan"]
[Black "MacQueen, Andrew"]
[Result "1-0"]
[WhiteElo "1500"]
[BlackElo "1712"]
[PlyCount "97"]
[EventDate "2013.??.??"]

1. e4 c5 2. Nf3 d6 3. d4 cxd4 4. Nxd4 Nc6 5. Nc3 a6 6. Be3 e6 7. f3 Be7 8. Bc4
Nf6 9. Qd2 Bd7 10. O-O Rc8 11. Bb3 O-O 12. a4 Na5 13. Ba2 Nc4 14. Bxc4 Rxc4 15.
a5 d5 16. exd5 Nxd5 17. Nxd5 exd5 18. Rae1 Bb4 19. c3 Bxa5 20. Nb3 Bb6 21. Qxd5
Bxe3+ 22. Kh1 Qc7 23. Rxe3 Be6 24. Qe5 Qb6 25. Nd2 Rc5 26. Qf4 Qxb2 27. Rd1 Qc2
28. Ree1 Rf5 29. Qe4 Qxe4 30. Nxe4 Rd5 31. Rb1 Rb8 32. Kg1 Kf8 33. Rb6 Rd3 34.
Reb1 Bd5 35. Nc5 Bc4 36. Nxd3 Bxd3 37. Rxb7 Rxb7 38. Rxb7 g6 39. g4 h6 40. h4
Bc4 41. Kf2 Kg7 42. g5 hxg5 43. hxg5 Kf8 44. Ke3 Ke8 45. Kd4 Be2 46. f4 Bg4 47.
Kc5 Bc8 48. Ra7 Kd8 49. Kd6 1-0

[Event "Dundee & Angus Challengers"]
[Site "?"]
[Date "2013.10.11"]
[Round "1"]
[White "Milton, Anna"]
[Black "Moore, Robin"]
[Result "0-1"]
[WhiteElo "1460"]
[BlackElo "1709"]
[PlyCount "86"]
[EventDate "2013.??.??"]

1. d4 Nf6 2. c4 g6 3. Nf3 Bg7 4. g3 d6 5. Bg2 O-O 6. O-O Nc6 7. Nc3 e5 8. e4
Nd7 9. d5 Ne7 10. Be3 f5 11. Ng5 Nf6 12. f4 Ng4 13. Bc1 c6 14. Kh1 Qb6 15. Qe2
Bd7 16. h3 Nh6 17. Be3 c5 18. Nf3 fxe4 19. Nxe4 Nhf5 20. fxe5 Nxe3 21. Qxe3 Nf5
22. Qe2 Bxe5 23. Nxe5 dxe5 24. Kh2 Nd4 25. Qd2 Rf5 26. Nc3 Raf8 27. Rxf5 Rxf5
28. b3 Qf6 29. Ne4 Qf8 30. Qa5 Nf3+ 31. Bxf3 Rxf3 32. Qxc5 Qf5 33. Re1 Qxh3+
34. Kg1 Bf5 35. Nf6+ Kf7 36. Qc7+ Kxf6 37. Qxe5+ Kg5 38. Qe7+ Kg4 39. Qh4+ Qxh4
40. gxh4 Kg3 41. d6 Bh3 42. Rc1 Rd3 43. c5 h5 0-1

[Event "Dundee & Angus Challengers"]
[Site "?"]
[Date "2013.10.12"]
[Round "2"]
[White "Babin, Andre"]
[Black "Parks, Joe"]
[Result "1/2-1/2"]
[WhiteElo "1720"]
[BlackElo "1822"]
[PlyCount "66"]
[EventDate "2013.??.??"]

1. e4 d6 2. d4 Nf6 3. Nc3 e5 4. Nf3 Nbd7 5. h3 Be7 6. Be3 O-O 7. Qd2 c6 8. a4
b6 9. Ng1 Bb7 10. d5 cxd5 11. exd5 Rc8 12. Bb5 Nc5 13. Rd1 Qc7 14. Qe2 a6 15.
Bxc5 axb5 16. Ba3 bxa4 17. Nf3 Qd7 18. O-O Rxc3 19. bxc3 Nxd5 20. Rxd5 Bxd5 21.
c4 Bxf3 22. Qxf3 Qc7 23. Rb1 Qxc4 24. Rxb6 Qd4 25. Rb7 Bf6 26. Rb4 Qa1+ 27. Kh2
e4 28. Rxe4 Be5+ 29. g3 Qb1 30. Rxe5 dxe5 31. Bxf8 Kxf8 32. Qa8+ Ke7 33. Qxa4
Qf1 1/2-1/2

[Event "Dundee & Angus Challengers"]
[Site "?"]
[Date "2013.10.12"]
[Round "2"]
[White "Thomas, Phil"]
[Black "Emery, Keith"]
[Result "1/2-1/2"]
[WhiteElo "1822"]
[BlackElo "1634"]
[PlyCount "40"]
[EventDate "2013.??.??"]

1. c3 Nf6 2. d4 g6 3. e3 Bg7 4. Bd3 O-O 5. Nd2 d6 6. Qc2 Nbd7 7. Ne2 e5 8. Ng3
b6 9. O-O Nd5 10. Qb3 Ne7 11. Rd1 Bb7 12. dxe5 Nxe5 13. Be4 N7c6 14. Nf3 Nxf3+
15. Bxf3 Na5 16. Qc2 Bxf3 17. gxf3 Nc6 18. f4 h5 19. Qe4 Ne7 20. Qf3 Qd7
1/2-1/2